Using psychometrics : (Record no. 4398)

MARC details
000 -LEADER
fixed length control field 00885cam a2200193 a 4500
020 ## - INTERNATIONAL STANDARD BOOK NUMBER
ISBN 0749431261
020 ## - INTERNATIONAL STANDARD BOOK NUMBER
ISBN 9780749431266
050 #4 - CALL NUMBER
Classification number BF39
Item number .E29
100 1# - AUTHOR
Personal name Edenborough, Robert.
245 10 - TITLE
Title Using psychometrics :
Remainder of title a practical guide to testing and assessment /
Statement of responsibility, etc Robert Edenborough.
250 ## - EDITION
Edition statement Second edition.
260 ## - PUBLICATION INFORMATION
Place of publication London :
Name of publisher Kogan Page,
Year of publication 1999.
300 ## - DESCRIPTION
Number of Pages xii, 210 pages :
Other physical details illustrations ;
Dimensions 24 cm.
500 ## - NOTES
General note Previous edition: 1994.
505 0# - FORMATTED CONTENTS NOTE
Table of Content Psychometrics: setting the stage -- Types of psychometrics and their interpretation -- Tests and selection: the developing context -- Tests and selection: the practice -- Tests and development -- Regulation: professional, commercial and legal concerns -- Psychometric neighbours -- Implementing psychometrics -- Conclusions.
650 #0 - SUBJECTS
Topical Term Psychometrics.
650 #0 - SUBJECTS
Topical Term Psychological tests.
942 ## - ADDED ENTRY ELEMENTS (KOHA)
Koha item type Books
Holdings
Withdrawn status Lost status Home library Current library Shelving location Date acquired Cost, normal purchase price Full call number Accession Number Koha item type Collection code
    Methodist University Library Main Methodist University Library Main General Stacks 12/03/2009 0.00 BF39 .E29 24675 Books  
    Methodist University Library Main Methodist University Library Main General Stacks 12/03/2009 0.00 BF39 .E29 24674 Books Reference
Copyright © 2026  MUG Library